Goal - student book 2

Đã lưu trong:
Bibliografiske detaljer
Hovedforfatter: Manuel C R Dos Santos
Format: Bog
Sprog:Undetermined
Udgivet: New York McGraw-Hill 1996
Fag:
Tags: Tilføj Tag
Ingen Tags, Vær først til at tagge denne postø!
Thư viện lưu trữ: Trung tâm Học liệu Trường Đại học Cần Thơ
LEADER 00523nam a2200193Ia 4500
001 CTU_54667
008 210402s9999 xx 000 0 und d
020 |b 30000 
082 |a 428.24 
082 |b S237/T2 
100 |a Manuel C R Dos Santos 
245 0 |a Goal - student book 2 
245 0 |c Manuel C. R. Dos Santos 
260 |a New York 
260 |b McGraw-Hill 
260 |c 1996 
650 |a english language 
650 |x textbooks for foreign speakers 
980 |a Trung tâm Học liệu Trường Đại học Cần Thơ